000 00541nam a2200181 4500
001 21502
005 20230410105526.0
008 060907n2004 dr spa
020 _a8487082238
035 _9funglode21661
041 _aES
050 1 4 _aHC 79 D441 2004
245 0 _aDesarrollo sostenible y estructura económica mundial /
_cDavid M. Rivas (coordinador)
260 _aMadrid :
_bCIDEAL- Fundación Asistencia Técnica para el Desarrollo,
_c2004
300 _a182 p.
700 _aRivas, David M.
942 _2lcc
_cbk
999 _c38510
_d38510